Egyptian football players by picture - Statistics

General Stats
  • This quiz has been taken 27 times
  • The average score is 10 of 16
Answer Stats
Picture Answer % Correct
Mohamed Salah
100%
Omar Marmoush
86%
Mostafa Mohamed
82%
Trézéguet
77%
Hossam Hassan
73%
Mido
73%
Mohamed Elneny
73%
Shikabala
68%
Ahmed Hassan
64%
Ahmed Hegazi
64%
Zizo
64%
Essam Al Hadary
59%
Mohamed Aboutrika
55%
Mahmoud El Khatib
45%
Abdul Rahman Fawzy
9%
Ahmed El Kass
9%
No matching quizzes found
Score Distribution
Percent of People with Each Score
Percentile by Number Answered
Your Score History
You have not taken this quiz